Pociągi na stacji Szczecin Główny - Statystyki

Ogólne statystyki
  • Ten quiz został rozwiązany 28 razy
  • Średni wynik to 13 z 28
Statystyki odpowiedzi
Hint Odpowiedź % Poprawnych
EIC Chrobry
76%
TLK Lubomirski
60%
IC Uznam
60%
TLK Wolin
60%
IC Przemyślanin
56%
IC Rybak
56%
IC Wyczółkowski
56%
EIC Błękitna Fala
48%
IC Chełmoński
48%
IC Mewa
48%
TLK Osterwa
48%
IC Podlasiak
48%
IC Swarożyc
48%
IC Albatros
44%
IC Gałczyński
44%
IC Matejko
44%
IC Barbakan
40%
IC Bryza
40%
IC Gryf
40%
IC Merkury
40%
IC Żuławy
40%
EIC Bolesław Prus
36%
IC Górski
36%
IC Podhalanin
36%
IC Staszic
28%
IC Sukiennice
28%
IC Włókniarz
28%
IC Bolko
16%
Nie znaleziono quizów pasujących do podanych kryteriów
Rozkład punktacji
Procent ludzi z każdym wynikiem
Percentyl według liczby udzielonych odpowiedzi
Twoja historia wyników
Nie rozwiązałeś tego quizu